[Event "CZE-chT2c 0506"]
[Site "Czech Republic"]
[Date "2006.02.26"]
[Round "8.7"]
[White "Filipi, Stepan"]
[Black "Dlabek, Emil"]
[Result "0-1"]
[WhiteElo "2067"]
[BlackElo "2187"]
[PlyCount "118"]
[EventDate "2005.10.16"]
[EventType "team-tourn"]
[EventRounds "11"]
[EventCountry "CZE"]
[SourceTitle "EXT 2009"]
[Source "ChessBase"]
[SourceDate "2008.11.26"]
[SourceVersion "1"]
[SourceVersionDate "2008.11.26"]
[SourceQuality "1"]
[WhiteTeam "Vysehrad III"]
[BlackTeam "Vrsovice"]
[WhiteTeamCountry "CZE"]
[BlackTeamCountry "CZE"]

1. e4 d6 2. d4 Nf6 3. Nc3 c6 4. f3 Nbd7 5. Be3 e5 6. d5 Be7 7. Qd2 0-0 8. Nge2 cxd5 9. Nxd5 Nxd5 10. exd5 f5 11. Nc3 Nf6 12. 0-0-0 Bd7 13. Bd3 a6 14. g4 e4 15. fxe4 Nxg4 16. Rdg1 f4 17. Bd4 Bf6 18. e5 Bxe5 19. h3 Ne3 20. Ne2 Qf6 21. c3 Nf5 22. Nxf4 Bxf4 23. Qxf4 Nxd4 24. Qxd4 Qxd4 25. cxd4 Rf4 26. Rg3 Rc8+ 27. Kb1 Rxd4 28. Rhg1 g6 29. Bc2 Rf4 30. a3 Bf5 31. Bxf5 Rxf5 32. Re3 Kf7 33. Rge1 Rc7 34. Rd1 b5 35. Re6 Rxd5 36. Rxd6 Rxd1+ 37. Rxd1 Ke6 38. a4 Rc4 39. axb5 axb5 40. Rd3 h5 41. Rb3 b4 42. Rf3 g5 43. Ka2 Rf4 44. Re3+ Kf6 45. Kb3 g4 46. hxg4 hxg4 47. Kc2 Rf2+ 48. Kc1 Kf5 49. Rb3 Rf4 50. Kd2 Re4 51. Rd3 Kf4 52. Rd8 Kf3 53. Kd3 g3 54. Rg8 Rg4 55. Rf8+ Rf4 56. Re8 g2 57. Re1 Kf2 58. Rc1 g1Q 59. b3 Rf3+ 0-1

[Event "CZE-chT2c 0506"]
[Site "Czech Republic"]
[Date "2005.10.16"]
[Round "1.8"]
[White "Dlabek, Emil"]
[Black "Matejka, Petr"]
[Result "0-1"]
[WhiteElo "2187"]
[BlackElo "2083"]
[PlyCount "86"]
[EventDate "2005.10.16"]
[EventType "team-tourn"]
[EventRounds "11"]
[EventCountry "CZE"]
[SourceTitle "EXT 2009"]
[Source "ChessBase"]
[SourceDate "2008.11.26"]
[SourceVersion "1"]
[SourceVersionDate "2008.11.26"]
[SourceQuality "1"]
[WhiteTeam "Vrsovice"]
[BlackTeam "Bohemians II"]
[WhiteTeamCountry "CZE"]
[BlackTeamCountry "CZE"]

1. d4 Nf6 2. Nf3 g6 3. c4 Bg7 4. Nc3 d5 5. h3 0-0 6. cxd5 Nxd5 7. e4 Nxc3 8. bxc3 c5 9. Be2 Nc6 10. Be3 Qa5 11. 0-0 Qxc3 12. Rc1 Qa3 13. Rxc5 Qxa2 14. Bc4 Qb2 15. d5 Ne5 16. Nd2 Nxc4 17. Nxc4 Qb4 18. Qc2 b6 19. Rb1 bxc5 20. Rxb4 cxb4 21. Na5 Bd7 22. Qc5 Bc3 23. Bf4 Ba4 24. Qc7 Rfe8 25. Qb7 a6 26. Bc7 Bb5 27. Qb6 Ba4 28. e5 Rec8 29. f4 b3 30. Nc4 b2 31. Na3 a5 32. d6 Bb4 33. Nb1 Bc2 34. Qd4 Bxb1 35. Qxb2 Bf5 36. Qd4 exd6 37. exd6 Bd7 38. g4 Re8 39. f5 Re1+ 40. Kg2 Rae8 41. Kg3 g5 42. Qf6 Bd2 43. Bxa5 Bf4+ 0-1

[Event "Ostrava op"]
[Site "Ostrava"]
[Date "1998.??.??"]
[Round "?"]
[White "Dlabek, Emil"]
[Black "Incedi, Ales"]
[Result "1-0"]
[WhiteElo "2035"]
[BlackElo "2000"]
[PlyCount "65"]
[EventDate "1998.??.??"]
[EventType "swiss"]
[EventRounds "10"]
[EventCountry "CZE"]
[SourceTitle "EXT 2006"]
[Source "ChessBase"]
[SourceDate "2005.11.24"]
[SourceVersion "1"]
[SourceVersionDate "2005.11.24"]
[SourceQuality "1"]

1. d4 Nf6 2. Nf3 e6 3. Bg5 Be7 4. Nbd2 d5 5. e3 0-0 6. Bd3 b6 7. c3 c5 8. Qe2 Nbd7 9. 0-0 Bb7 10. Ba6 Bxa6 11. Qxa6 Ne8 12. Bf4 f5 13. Qa4 g5 14. Nxg5 Ng7 15. Ngf3 Nf6 16. Qd1 Ngh5 17. Bh6 Re8 18. Ne5 Bd6 19. Ndf3 Ng4 20. Bg5 Qc7 21. Nxg4 fxg4 22. Ne5 Bxe5 23. dxe5 Qxe5 24. Qxg4 Ng7 25. Rae1 Qf5 26. Qxf5 Nxf5 27. e4 Nd6 28. exd5 exd5 29. Rd1 Re2 30. Rxd5 Ne4 31. Bc1 Kh8 32. g3 Rf8 33. f3 1-0

[Event "Ostrava op"]
[Site "Ostrava"]
[Date "1998.??.??"]
[Round "?"]
[White "Dlabek, Emil"]
[Black "Prenosil, Jiri"]
[Result "1/2-1/2"]
[WhiteElo "2035"]
[BlackElo "2015"]
[PlyCount "90"]
[EventDate "1998.??.??"]
[EventType "swiss"]
[EventRounds "10"]
[EventCountry "CZE"]
[SourceTitle "EXT 2006"]
[Source "ChessBase"]
[SourceDate "2005.11.24"]
[SourceVersion "1"]
[SourceVersionDate "2005.11.24"]
[SourceQuality "1"]

1. d4 Nf6 2. Nf3 g6 3. c4 Bg7 4. Nc3 0-0 5. e4 d6 6. Be2 c5 7. d5 Nbd7 8. h3 Ne8 9. 0-0 f5 10. exf5 gxf5 11. Ng5 Ndf6 12. Bf3 Nc7 13. Re1 Rb8 14. Qe2 h6 15. Ne6 Nxe6 16. dxe6 Ne8 17. Bh5 d5 18. Bf7+ Kh8 19. Nxd5 Nd6 20. Qh5 Nxf7 21. exf7 Qd6 22. Nxe7 Bd7 23. Ng6+ Kh7 24. Nxf8+ Rxf8 25. Bf4 Qxf4 26. Rad1 Bc6 27. Re8 Qg5 28. Qxg5 hxg5 29. Rxf8 Bxf8 30. f4 gxf4 31. Rf1 f3 32. gxf3 Kg6 33. Kf2 Kxf7 34. Rg1 Bg7 35. Rb1 f4 36. b3 Bd4+ 37. Kg2 Bd7 38. Rd1 Be6 39. Re1 Kf6 40. Re4 Be3 41. h4 Bf5 42. Re8 Bb1 43. Rf8+ Kg6 44. Rg8+ Kf6 45. Rf8+ Kg6 1/2-1/2

[Event "Ostrava op"]
[Site "Ostrava"]
[Date "1998.??.??"]
[Round "?"]
[White "Dlabek, Emil"]
[Black "Struk, Jerzy"]
[Result "1-0"]
[WhiteElo "2035"]
[BlackElo "2155"]
[PlyCount "81"]
[EventDate "1998.??.??"]
[EventType "swiss"]
[EventRounds "10"]
[EventCountry "CZE"]
[SourceTitle "EXT 2006"]
[Source "ChessBase"]
[SourceDate "2005.11.24"]
[SourceVersion "1"]
[SourceVersionDate "2005.11.24"]
[SourceQuality "1"]

1. d4 d5 2. Nf3 Nf6 3. c4 e6 4. e3 Be7 5. Nc3 0-0 6. Be2 b6 7. cxd5 exd5 8. 0-0 c5 9. b3 Be6 10. Ba3 Nc6 11. Rc1 Ne4 12. Bb5 Nb4 13. Bxb4 cxb4 14. Nxe4 dxe4 15. Ne5 Rc8 16. Nc6 Qd6 17. Qd2 Bh4 18. Nxa7 Ra8 19. Nc6 Bd7 20. Rc2 Rfe8 21. Qe2 Qd5 22. Bc4 Qg5 23. Ne5 Rxe5 24. dxe5 Bg4 25. Bxf7+ Kxf7 26. Qc4+ Kf8 27. Qxb4+ Kg8 28. Qxe4 Rf8 29. g3 Bf5 30. Qd5+ Kh8 31. Rc4 Bh3 32. Rxh4 Bxf1 33. Kxf1 Qxe3 34. Rf4 Qc1+ 35. Kg2 Re8 36. Qd7 Rg8 37. e6 Qe1 38. e7 h5 39. Qd5 g5 40. Qxg8+ Kxg8 41. Rf8+ 1-0

[Event "Ostrava op"]
[Site "Ostrava"]
[Date "1998.??.??"]
[Round "?"]
[White "Dlabek, Emil"]
[Black "Vysoglad, Petr"]
[Result "0-1"]
[WhiteElo "2035"]
[BlackElo "2100"]
[PlyCount "94"]
[EventDate "1998.??.??"]
[EventType "swiss"]
[EventRounds "10"]
[EventCountry "CZE"]
[SourceTitle "EXT 2006"]
[Source "ChessBase"]
[SourceDate "2005.11.24"]
[SourceVersion "1"]
[SourceVersionDate "2005.11.24"]
[SourceQuality "1"]

1. d4 Nf6 2. Nf3 b6 3. c4 e6 4. a3 Bb7 5. Nc3 Ne4 6. Qc2 f5 7. g3 Be7 8. Bg2 Nxc3 9. Qxc3 0-0 10. 0-0 Bf6 11. Rd1 Qe7 12. Qd2 d6 13. b4 Nd7 14. Bb2 Rad8 15. Ne1 Bc8 16. Qc2 c5 17. dxc5 dxc5 18. b5 Bxb2 19. Qxb2 f4 20. Bf3 e5 21. Bd5+ Kh8 22. Nd3 Rf6 23. Be4 Rdf8 24. Rf1 Rh6 25. Bc6 Qe6 26. h4 e4 27. Bd5 Qh3 28. Bxe4 fxg3 29. fxg3 Qxg3+ 30. Bg2 Rg6 31. Rxf8+ Nxf8 32. e3 Bb7 33. Nf4 Qxe3+ 34. Qf2 Qxf2+ 35. Kxf2 Rf6 36. Kg3 Bxg2 37. Nxg2 Ne6 38. Re1 Kg8 39. Ne3 Nd4 40. Nd5 Rf3+ 41. Kg4 Rxa3 42. Rf1 h5+ 43. Kxh5 Rg3 44. Ne7+ Kh7 45. Rf7 Rg1 46. Nd5 Kg8 47. Rf4 g6+ 0-1

[Event "Ostrava op"]
[Site "Ostrava"]
[Date "1998.??.??"]
[Round "?"]
[White "Papan, Cyril"]
[Black "Dlabek, Emil"]
[Result "0-1"]
[WhiteElo "2000"]
[BlackElo "2035"]
[PlyCount "70"]
[EventDate "1998.??.??"]
[EventType "swiss"]
[EventRounds "10"]
[EventCountry "CZE"]
[SourceTitle "EXT 2006"]
[Source "ChessBase"]
[SourceDate "2005.11.24"]
[SourceVersion "1"]
[SourceVersionDate "2005.11.24"]
[SourceQuality "1"]

1. Nf3 Nf6 2. g3 d5 3. Bg2 c6 4. d3 g6 5. 0-0 Bg7 6. Nbd2 0-0 7. c4 Nbd7 8. Rb1 a5 9. b3 e5 10. cxd5 cxd5 11. Ba3 Re8 12. e4 Bf8 13. Bb2 d4 14. Rc1 Nc5 15. Nc4 Bg4 16. h3 Bxf3 17. Bxf3 b5 18. Na3 Qe7 19. Bg2 a4 20. Ra1 Reb8 21. f4 Nh5 22. Rf3 axb3 23. axb3 Qe6 24. fxe5 Nxb3 25. Nc2 Nxa1 26. Bxa1 Qb3 27. Bxd4 Ra2 28. Ne3 Qxd1+ 29. Nxd1 b4 30. g4 Ng7 31. Bb2 Bc5+ 32. d4 Rxb2 33. Nxb2 Bxd4+ 34. Rf2 Ra8 35. Nd3 Ra2 0-1